000 00571nam a2200229Ia 4500
003 OSt
005 20220918215133.0
006 a|||||r|||| 00| 0
007 ta
008 220917b |||||||| |||| 00| 0 eng d
024 _a140,195
037 _cTextual
040 _aARTS
_cARTS
_beng
041 _2eng
_aeng
082 _aY1:1:5.58073.N5, H4
100 _aSorokin P A
245 0 _aRussia and the United States
260 _c1944
650 _aSOCIOLOGY
942 _hY1:1:5.58073.N5, H4
_cTEXL
_2CC
999 _c263172
_d263172